000 00649cam a22002293a 4500
001 42524
003 PGUSA
005 20140828083949.0
008 130413s2013||||xxu|||||s|||||000 | eng d
040 _aPGUSA
_beng
042 _adc
100 1 _aCervantes, Michel
245 1 0 _aL'ingénieux chevalier Don Quichotte de la Manche
_h[electronic resource] /
_cMichel Cervantes
260 _bProject Gutenberg,
_c2013
506 _aPublic domain in the USA.
516 _aElectronic text
700 1 _aRoux, G.
700 1 _aFurne, Charles
830 0 _aProject Gutenberg
_v42524
856 4 0 _uhttp://www.gutenberg.org/ebooks/42524
942 _cEB
999 _c271776
_d271776